[Event "Thessaloniki Aris CC Summer op 1st"]
[Site "Thessaloniki"]
[Date "2023.06.18"]
[Round "6"]
[White "Kalogridis, Themistoklis"]
[Black "Pastras, Ioannis"]
[Result "1-0"]
[WhiteElo "1771"]
[BlackElo "1524"]
[PlyCount "65"]
[EventDate "2023.06.16"]
[EventType "swiss"]
[EventRounds "7"]
[EventCountry "GRE"]
[SourceTitle "EXT 2024"]
[Source "ChessBase"]
[SourceDate "2023.10.10"]
[SourceVersion "1"]
[SourceVersionDate "2023.10.10"]
[SourceQuality "1"]

1. d4 Nf6 2. c4 e6 3. Nc3 d5 4. cxd5 exd5 5. Bg5 Be7 6. e3 0-0 7. Bd3 h6 8. Bh4 b6 9. Nge2 Bb7 10. 0-0 Ne4 11. Bxe7 Qxe7 12. Bxe4 dxe4 13. Rc1 a6 14. Nf4 c6 15. Qb3 b5 16. Ng6 Qe8 17. Nxf8 Kxf8 18. Qc2 c5 19. dxc5 b4 20. Ne2 Nc6 21. Rfd1 Ne5 22. Nf4 g5 23. Nd5 Bxd5 24. Rxd5 Nd3 25. Rxd3 exd3 26. Qxd3 a5 27. h3 Kg7 28. Qd4+ f6 29. c6 Qe7 30. Qb6 Qd8 31. Qb7+ Kg6 32. c7 Qc8 33. Qxa8 1-0